000 00656nam a2200241Ia 4500
003 OSt
005 20220916110942.0
006 a|||||r|||| 00| 0
007 ta
008 220915b |||||||| |||| 00| 0 eng d
024 _a28772
037 _cTextbook
040 _beng
_aARTS
_cARTS
041 _aeng
082 _aO111,2J64,2H:g, K4
100 _aWeitz Morris
245 0 _aHamlet and the philosophy of literatry criticism
260 _aLondon
_bFaber and Faber UK
300 _axvi,335p.
_ccm.
650 _aSHAKESPEARE, WILLIAM
942 _hO111,2J64,2H:g, K4
_cTB
_2CC
999 _c102136
_d102136